Countries in Asia and North America - Statistics

General Stats
  • This quiz has been taken 41 times
  • The average score is 10 of 15
Answers on the Grid
Answers color-coded by a green-red scale on the quiz's grid according to % correct below.
USA
Mali
Singapore
Japan
Madagascar
Denmark
Honduras
Greece
India
Algeria
Malaysia
Sri Lanka
Australia
Indonesia
South africa
Thailand
China
Brazil
New zealand
China
Pakistan
Norway
Sweden
Fiji
Afghanistan
Chile
Belize
Italy
Mongolia
Tuvalu
 
Answer Stats
Answer % Correct
USA
100%
Indonesia
82%
Malaysia
82%
China
73%
Japan
73%
Singapore
73%
Afghanistan
64%
China
64%
Honduras
64%
India
64%
Mongolia
64%
Pakistan
64%
Sri Lanka
64%
Thailand
64%
Belize
55%
No matching quizzes found
Score Distribution
Percent of People with Each Score
Percentile by Number Answered
Your Score History
You have not taken this quiz